Kongresové centrum
Enregistré dans:
| Auteur principal: | |
|---|---|
| Autres auteurs: | |
| Format: | Manuscrit Livre |
| Langue: | slovaque |
| Publié: |
2021
|
| Sujets: | |
| Accès en ligne: | http://is.stuba.sk/zp/portal_zp.pl?podrobnosti=159021 https://opac.crzp.sk/?fn=detailBiblioForm&sid=7E417B54B864B7C45E25FF4635AB |
| Tags: |
Pas de tags, Soyez le premier à ajouter un tag!
|
MARC
| LEADER | 00000ntm a22000003a 4500 | ||
|---|---|---|---|
| 001 | stuzp85083 | ||
| 003 | SK-STU | ||
| 005 | 20230511141239.9 | ||
| 007 | ta | ||
| 008 | 150427s2015----xo-----f-mn---000-0-slo-d | ||
| 040 | |a STU |b slo | ||
| 041 | 0 | |a slo | |
| 100 | 1 | |a Bognár, Máté |u 010180 |4 aut |U SvF Stavebná fakulta |T SvF Katedra konštrukcií pozemných stavieb |X 80984 |U V180 |Y 18 |7 80984 | |
| 242 | 0 | 1 | |a Congress center |y eng |
| 245 | 1 | 0 | |a Kongresové centrum |
| 260 | |c 2021 | ||
| 650 | 4 | |a solárna energia |2 slo | |
| 650 | 4 | |a kongress centrum |2 slo | |
| 650 | 4 | |a skywalk |2 slo | |
| 650 | 4 | |a congress center |2 eng | |
| 650 | 4 | |a skywalk |2 eng | |
| 650 | 4 | |a solar energy |2 eng | |
| 700 | 1 | |a Palková, Adela |u 010180 |k Z1 |4 ths |U SvF Stavebná fakulta |T SvF Katedra konštrukcií pozemných stavieb |X 38081 |U V180 |Y 18 |7 A000038081 | |
| 856 | 4 | |u http://is.stuba.sk/zp/portal_zp.pl?podrobnosti=159021 | |
| 856 | 4 | |u https://opac.crzp.sk/?fn=detailBiblioForm&sid=7E417B54B864B7C45E25FF4635AB | |